[Event "45th Olympiad 2024"]
[Site "Budapest HUN"]
[Date "2024.09.11"]
[Round "1.69"]
[Board "2"]
[White "Waldhausen Gordon, Frederick"]
[Black "Erfan, Mohamad Firdaus"]
[Result "1-0"]
[WhiteTitle "FM"]
[WhiteElo "2351"]
[BlackElo "1758"]
[WhiteTeam "Scotland"]
[BlackTeam "Qatar"]
[WhiteFideId "2409143"]
[BlackFideId "12102032"]
[EventDate "2024.09.11"]

1. d4 d5 2. c4 dxc4 3. e3 Nf6 4. Bxc4 e6 5. Nf3 a6 6. O-O c5 7. b3 cxd4 8. Nxd4
b5 9. Be2 e5 10. Nf3 Bd6 11. Bb2 Qe7 12. Nbd2 O-O 13. a4 bxa4 14. Nc4 Rd8 15.
Nxd6 Rxd6 16. Qe1 e4 17. Ba3 exf3 18. Bxf3 Ra7 19. Qb4 Re6 20. Qxb8 Qc7 21. Qb4
Re8 22. Rac1 Qe5 23. Rc5 Qe6 24. Qb8 Rae7 25. Rc6 Qxb3 26. Qxb3 axb3 27. Bxe7
Bd7 28. Bxf6 Bxc6 29. Bxc6 Re6 30. Bd5 Rxf6 31. Bxb3 g6 32. g3 a5 33. Rc1 Rb6
34. Bd5 Rd6 35. e4 Rd7 36. Rc8+ Kg7 37. Ra8 f5 38. Rxa5 fxe4 39. Bxe4 Kf6 40.
Kg2 Rd4 41. Kf3 Rb4 42. h4 Rb6 43. Rc5 h5 44. Rc6+ Rxc6 45. Bxc6 g5 46. hxg5+
Kxg5 47. Ke4 h4 48. gxh4+ Kxh4 49. f4 1-0

[Event "45th Olympiad 2024"]
[Site "Budapest HUN"]
[Date "2024.09.11"]
[Round "1.72"]
[Board "1"]
[White "Saraci, Nderim"]
[Black "Sihlongonyane, Sikhanyiso"]
[Result "1-0"]
[WhiteTitle "IM"]
[BlackTitle "CM"]
[WhiteElo "2446"]
[BlackElo "1813"]
[WhiteTeam "Kosovo"]
[BlackTeam "Eswatini"]
[WhiteFideId "6351921"]
[BlackFideId "20700784"]
[EventDate "2024.09.11"]

1. d4 Nf6 2. Nf3 d5 3. Bf4 e6 4. e3 Bd6 5. Nbd2 Bxf4 6. exf4 O-O 7. c3 Qd6 8. g3
c5 9. dxc5 Qxc5 10. Bd3 b5 11. a3 Bb7 12. O-O Nc6 13. Nb3 Qb6 14. Qe2 a6 15.
Rfe1 Na5 16. Nbd4 Nc4 17. Ne5 Rfe8 18. h4 Rac8 19. f3 Rc7 20. Qf2 Qc5 21. Re2 g6
22. Rae1 Rec8 23. g4 a5 24. h5 b4 25. hxg6 hxg6 26. axb4 axb4 27. Bxc4 dxc4 28.
Qh4 Nd5 29. Rh2 Kf8 30. Nd7+ Rxd7 31. Qh8+ Ke7 32. Rxe6+ fxe6 33. Rh7+ 1-0

[Event "45th Olympiad 2024"]
[Site "Budapest HUN"]
[Date "2024.09.11"]
[Round "1.73"]
[Board "1"]
[White "Moncur, Cecil"]
[Black "Atabayev, Saparmyrat"]
[Result "0-1"]
[WhiteTitle "FM"]
[BlackTitle "IM"]
[WhiteElo "1839"]
[BlackElo "2516"]
[WhiteTeam "Bahamas"]
[BlackTeam "Turkmenistan"]
[WhiteFideId "10400583"]
[BlackFideId "14000571"]
[EventDate "2024.09.11"]

1. d4 Nf6 2. c4 e6 3. Nf3 b6 4. a3 Ba6 5. Qc2 d5 6. e3 Be7 7. Bd3 c5 8. cxd5
Bxd3 9. Qxd3 exd5 10. Nc3 c4 11. Qc2 O-O 12. O-O Nc6 13. Bd2 a6 14. h3 b5 15.
Rfc1 Na5 16. Rab1 Re8 17. Qf5 Nb3 18. Rd1 g6 19. Qc2 Bd6 20. Be1 Rb8 21. Nd2 Na5
22. Nf3 Nc6 23. Ra1 a5 24. Ne2 Qe7 25. g3 Ra8 26. Kg2 b4 27. axb4 axb4 28. Rdb1
Ra7 29. Rc1 Rea8 30. Rxa7 Rxa7 31. Nf4 Ra2 32. Rb1 b3 33. Qc1 Bxf4 34. gxf4 Qe4
35. Bc3 Ne8 36. Qd1 Nd6 37. Kg1 Nb5 38. Ne5 Nxe5 39. dxe5 Nxc3 40. bxc3 Qc2 41.
Qe1 Qe2 42. Kg2 Qxe1 43. Rxe1 Rc2 44. Rd1 Rxc3 45. Rxd5 b2 46. Rb5 Rb3 0-1

[Event "45th Olympiad 2024"]
[Site "Budapest HUN"]
[Date "2024.09.11"]
[Round "1.73"]
[Board "2"]
[White "Annaberdiyev, Meylis"]
[Black "Ferguson, Joseph"]
[Result "1-0"]
[WhiteTitle "GM"]
[WhiteElo "2431"]
[BlackElo "1797"]
[WhiteTeam "Turkmenistan"]
[BlackTeam "Bahamas"]
[WhiteFideId "14000563"]
[BlackFideId "10400109"]
[EventDate "2024.09.11"]

1. e4 e6 2. d4 d5 3. e5 Ne7 4. Nf3 b6 5. c3 Qd7 6. h4 Ba6 7. Bxa6 Nxa6 8. Qd3
Nb8 9. h5 h6 10. Na3 Nf5 11. Nc2 c5 12. Bd2 Nc6 13. b4 cxd4 14. cxd4 b5 15. a4
bxa4 16. b5 Nd8 17. Rxa4 Rb8 18. Ra5 Nb7 19. Ra2 Nd8 20. Rb2 Qc7 21. O-O a6 22.
b6 Qb7 23. Ra1 Ra8 24. Qb3 Ne7 25. Nfe1 Nec6 26. Qg3 a5 27. Nd3 Qb8 28. Nc5 Nxd4
29. Nxd4 Bxc5 30. Nb5 Kf8 31. Nc7 Bxb6 32. Qa3+ Kg8 33. Nxa8 Bxf2+ 34. Kxf2 Qxa8
35. Qxa5 1-0

[Event "45th Olympiad 2024"]
[Site "Budapest HUN"]
[Date "2024.09.11"]
[Round "1.75"]
[Board "4"]
[White "Sultan, Ibrahim"]
[Black "Tracey, Shaun M"]
[Result "1-0"]
[WhiteTitle "IM"]
[WhiteElo "2206"]
[BlackElo "1684"]
[WhiteTeam "United Arab Emirates"]
[BlackTeam "Cayman Islands"]
[WhiteFideId "9301143"]
[BlackFideId "419052"]
[EventDate "2024.09.11"]

1. d4 e6 2. Nf3 f5 3. Bf4 Nf6 4. e3 Be7 5. Be2 b6 6. O-O Bb7 7. c4 O-O 8. h3 Ne4
9. Nfd2 Nxd2 10. Qxd2 d6 11. Nc3 Nd7 12. b4 Kh8 13. Bh2 Bf6 14. Rab1 Qe7 15. c5
a6 16. Rfc1 Rfc8 17. Bd3 Bg5 18. Ne2 Be4 19. Bxe4 fxe4 20. cxd6 cxd6 21. Rxc8+
Rxc8 22. Rc1 Rf8 23. Rc7 Qf7 24. Bg3 Bd8 25. Ra7 a5 26. Nc3 d5 27. a3 Qe8 28.
Nb5 axb4 29. Nd6 Qe7 30. axb4 b5 31. Qc2 Bb6 32. Rb7 Rd8 33. Qc6 Kg8 34. Be5 g6
35. Qxb6 Ra8 36. Ra7 Rf8 37. Qb7 Qh4 38. Qxd7 1-0

[Event "45th Olympiad 2024"]
[Site "Budapest HUN"]
[Date "2024.09.11"]
[Round "1.80"]
[Board "1"]
[White "Arab, Adlane"]
[Black "Koumba, Mounguen Jose Evrard"]
[Result "1-0"]
[WhiteTitle "IM"]
[WhiteElo "2477"]
[BlackElo "1957"]
[WhiteTeam "Algeria"]
[BlackTeam "Gabon"]
[WhiteFideId "7900872"]
[BlackFideId "645010"]
[EventDate "2024.09.11"]

1. d4 Nf6 2. c4 g6 3. Nc3 c5 4. d5 Bg7 5. e4 d6 6. Bd3 O-O 7. h3 e6 8. Nf3 exd5
9. cxd5 b5 10. Nxb5 Re8 11. O-O Nxe4 12. Re1 a6 13. Na3 f5 14. Nc4 Nf6 15. Rxe8+
Nxe8 16. Bg5 Nf6 17. Qb3 Nbd7 18. Re1 Rb8 19. Qd1 Nb6 20. Na5 Bd7 21. b3 Qc7 22.
Qd2 Re8 23. Rxe8+ Bxe8 24. Bxf6 Bxf6 25. Bxa6 Bf7 26. Bc4 Qe7 27. Qd3 Qe4 28. a4
Qxd3 29. Bxd3 Bxd5 30. Nc4 Nxc4 31. Bxc4 Bxc4 32. bxc4 Bc3 33. Kf1 Kf8 34. Ke2
Ke7 35. Kd3 Bf6 36. g4 Kd7 37. gxf5 gxf5 38. Ke3 Be5 39. Nh4 Bd4+ 40. Kf3 f4 41.
Ng2 Kc6 42. Nxf4 Kb6 43. Ne6 Bb2 44. Ke4 Kc6 45. a5 Bc3 46. a6 Bf6 47. f4 Kb6
48. Ng5 Kxa6 49. Nxh7 Be7 50. f5 Ka5 51. f6 1-0

[Event "45th Olympiad 2024"]
[Site "Budapest HUN"]
[Date "2024.09.11"]
[Round "1.82"]
[Board "3"]
[White "Silva, David"]
[Black "Samuel, Jhon"]
[Result "1-0"]
[WhiteTitle "IM"]
[WhiteElo "2363"]
[BlackElo "1545"]
[WhiteTeam "Angola"]
[BlackTeam "British Virgin Islands"]
[WhiteFideId "10101314"]
[BlackFideId "2700069"]
[EventDate "2024.09.11"]

1. e4 c6 2. Nc3 d5 3. Nf3 Bg4 4. h3 Bxf3 5. Qxf3 d4 6. Ne2 e5 7. Ng3 Qf6 8. Qb3
Qe7 9. Nf5 Qd7 10. Qg3 f6 11. Bc4 g6 12. Nh4 Ne7 13. d3 Na6 14. a3 Nc7 15. f4
Bg7 16. fxe5 fxe5 17. O-O Ne6 18. Bd2 O-O-O 19. Rf7 Rhf8 20. Bxe6 Qxe6 21. Rxg7
Rf7 22. Rxf7 Qxf7 23. Qxe5 Rf8 24. Qxd4 b6 25. Nf3 Qf6 26. Qxf6 Rxf6 27. Bg5 Rf7
28. Ne5 1-0

[Event "45th Olympiad 2024"]
[Site "Budapest HUN"]
[Date "2024.09.11"]
[Round "1.84"]
[Board "2"]
[White "Senglek, Khonsavanh"]
[Black "Berend, Fred"]
[Result "0-1"]
[BlackTitle "IM"]
[WhiteElo "1591"]
[BlackElo "2230"]
[WhiteTeam "Laos"]
[BlackTeam "Luxembourg"]
[WhiteFideId "17700167"]
[BlackFideId "4000102"]
[EventDate "2024.09.11"]

1. d4 Nf6 2. Bf4 c6 3. Nf3 Qb6 4. Qc1 d6 5. e3 Nh5 6. Bg3 g6 7. Be2 Nxg3 8. hxg3
Bg7 9. c3 Nd7 10. Nbd2 O-O 11. a4 Qc7 12. Qc2 e5 13. dxe5 dxe5 14. Bc4 Nc5 15.
Nh4 Be6 16. b4 Bxc4 17. Nxc4 Ne6 18. O-O Rad8 19. e4 Rd7 20. Ne3 Rfd8 21. Nf3 a5
22. Rfb1 axb4 23. Rxb4 Bf8 24. Rb2 Nc5 25. Nc4 Nd3 26. Rbb1 Bc5 27. Rf1 f6 28.
Rab1 Kg7 29. Qe2 Qb8 30. Ne3 Qa7 31. Ra1 Nxf2 32. Kxf2 Rd3 33. Rfe1 Rxe3 34.
Qxe3 Bxe3+ 35. Rxe3 Rd3 36. Re1 Rxc3 37. Re2 h5 38. Nd2 Kh6 39. g4 hxg4 40. Nf1
Ra3 41. g3 Rxa4 42. Kg2 Ra2 43. Rxa2 Qxa2+ 44. Kg1 Qa7 45. Kg2 b5 46. Re2 Qd4
47. Nd2 b4 48. Kf1 Qd3 49. Kf2 c5 0-1

[Event "45th Olympiad 2024"]
[Site "Budapest HUN"]
[Date "2024.09.12"]
[Round "2.1"]
[Board "1"]
[White "Caruana, Fabiano"]
[Black "Tin, Jingyao"]
[Result "1-0"]
[WhiteTitle "GM"]
[BlackTitle "GM"]
[WhiteElo "2798"]
[BlackElo "2580"]
[WhiteTeam "United States of America"]
[BlackTeam "Singapore"]
[WhiteFideId "2020009"]
[BlackFideId "5804418"]
[EventDate "2024.09.11"]

1. e4 e5 2. Nf3 Nc6 3. Bc4 Nf6 4. d3 Bc5 5. O-O d6 6. c3 O-O 7. h3 a6 8. a4 h6
9. Re1 Re8 10. b4 Ba7 11. Nbd2 Be6 12. Bxe6 Rxe6 13. Bb2 d5 14. b5 Ne7 15. exd5
Qxd5 16. c4 Qxd3 17. Nxe5 Qf5 18. Qf3 Rd8 19. Nb3 c6 20. c5 cxb5 21. Qxb7 Qc2
22. Nd4 Qxc5 23. Nxe6 Qxf2+ 24. Kh1 fxe6 25. Qxe7 Rd2 26. Qf7+ Kh8 27. Ng6+ Kh7
28. Nf8+ Kh8 29. Qg6 Rxb2 30. Nxe6 Nh5 31. Qe8+ Kh7 32. Ng5+ 1-0

[Event "45th Olympiad 2024"]
[Site "Budapest HUN"]
[Date "2024.09.12"]
[Round "2.1"]
[Board "2"]
[White "Siddharth, Jagadeesh"]
[Black "Dominguez Perez, Leinier"]
[Result "0-1"]
[WhiteTitle "GM"]
[BlackTitle "GM"]
[WhiteElo "2514"]
[BlackElo "2748"]
[WhiteTeam "Singapore"]
[BlackTeam "United States of America"]
[WhiteFideId "5818320"]
[BlackFideId "3503240"]
[EventDate "2024.09.11"]

1. e4 e5 2. Nf3 Nc6 3. Bb5 a6 4. Ba4 Nf6 5. O-O Be7 6. Bxc6 dxc6 7. Nc3 Bg4 8.
h3 Bh5 9. g4 Bg6 10. Nxe5 Nxe4 11. Nxg6 Nxc3 12. dxc3 hxg6 13. Kg2 O-O 14. Bf4
Bd6 15. Bxd6 cxd6 16. Qd4 Re8 17. Rfe1 d5 18. Re3 Rxe3 19. Qxe3 Qe8 20. Re1 Qxe3
21. Rxe3 Kf8 22. h4 f6 23. f4 Kf7 24. Kf3 Rh8 25. Kg3 a5 26. a4 Rb8 27. Kf3 Rh8
28. Kg3 Rb8 29. Kf3 Rd8 30. Re1 Rh8 31. Kg3 Rb8 32. b3 Re8 33. Rxe8 Kxe8 34. Kf3
Kd7 35. Ke3 Kd6 36. Kd4 b5 37. Ke3 Kc5 38. Kd3 g5 39. hxg5 fxg5 40. f5 Kd6 41.
Kd4 c5+ 42. Ke3 Kc6 43. Kd3 c4+ 44. Ke3 bxa4 45. bxa4 Kc5 46. Kf3 d4 47. Ke4
dxc3 48. f6 gxf6 49. Kf5 Kb4 50. Kxf6 Ka3 51. Kxg5 Kb2 52. Kf5 Kxc2 53. g5 Kb2
54. g6 c2 55. g7 c1=Q 56. g8=Q Qc2+ 57. Ke6 c3 0-1

[Event "45th Olympiad 2024"]
[Site "Budapest HUN"]
[Date "2024.09.12"]
[Round "2.1"]
[Board "4"]
[White "Goh, Wei Ming Kevin"]
[Black "Robson, Ray"]
[Result "0-1"]
[WhiteTitle "GM"]
[BlackTitle "GM"]
[WhiteElo "2449"]
[BlackElo "2700"]
[WhiteTeam "Singapore"]
[BlackTeam "United States of America"]
[WhiteFideId "5800706"]
[BlackFideId "2023970"]
[EventDate "2024.09.11"]

1. e4 c5 2. Nf3 d6 3. d4 cxd4 4. Nxd4 Nf6 5. Nc3 a6 6. Bc4 e6 7. a4 Be7 8. O-O
O-O 9. Be3 Nc6 10. Qe2 Bd7 11. Nxc6 Bxc6 12. a5 Nxe4 13. Nxe4 d5 14. Bb6 Qc8 15.
Bd3 dxe4 16. Bxe4 Bb5 17. Bd3 Bxd3 18. Qxd3 Bc5 19. Bxc5 Qxc5 20. Rfd1 Qc7 21.
Qe4 Rfd8 22. g3 h6 23. c4 Rac8 24. b4 Rd7 25. b5 Qxc4 26. Qxc4 Rxd1+ 27. Rxd1
Rxc4 28. bxa6 bxa6 29. Rd6 Ra4 30. Rxa6 g5 31. h3 h5 32. Kg2 Kg7 33. Ra8 h4 34.
gxh4 Rxh4 35. Rb8 Ra4 36. Rb5 Kg6 37. Rc5 Ra3 38. Rb5 f6 39. Rb6 e5 40. a6 e4
41. Rc6 Kf5 42. Rb6 Ke5 43. Rc6 f5 44. Rc5+ Kf4 45. Rc6 Ra4 46. Rf6 Ra5 47. Rb6
Ra1 48. Rc6 Ke5 49. Rc5+ Kf4 50. Rc6 Ra2 51. Re6 g4 52. hxg4 Kxg4 53. Rg6+ Kf4
54. Rb6 Kg5 55. Re6 Ra3 56. Kf1 Kf4 57. Kg2 Ra5 58. Rb6 Ke5 59. Rh6 Ra2 60. Rb6
f4 61. Kg1 f3 62. Rb5+ Kf4 63. Rb6 Kf5 64. Rb5+ Kg4 65. Rb4 Kh3 66. Rb1 e3 67.
fxe3 Kg3 68. e4 Rg2+ 0-1

[Event "45th Olympiad 2024"]
[Site "Budapest HUN"]
[Date "2024.09.12"]
[Round "2.2"]
[Board "1"]
[White "Rapport, Richard"]
[Black "Cori, Jorge"]
[Result "1-0"]
[WhiteTitle "GM"]
[BlackTitle "GM"]
[WhiteElo "2715"]
[BlackElo "2609"]
[WhiteTeam "Hungary"]
[BlackTeam "Peru"]
[WhiteFideId "738590"]
[BlackFideId "3802272"]
[EventDate "2024.09.11"]

1. e4 c5 2. Nf3 d6 3. d4 cxd4 4. Qxd4 Nc6 5. Qe3 Nf6 6. Nc3 g6 7. h3 Bg7 8. Bc4
O-O 9. O-O a6 10. a4 Bd7 11. Rd1 Rc8 12. Qe1 Qa5 13. Ra3 Ne5 14. Nxe5 Qxe5 15.
Ba2 Be6 16. f4 Qc5+ 17. Be3 Qc6 18. e5 dxe5 19. fxe5 Nd7 20. Nd5 Bxd5 21. Bxd5
Qxc2 22. e6 Ne5 23. Rd2 Qc1 24. exf7+ Kh8 25. Rd1 Qxb2 26. Rb3 Qc2 27. Rxb7 Rcd8
28. Rxe7 Qxa4 29. Bb6 Rd6 30. Bc5 1-0

[Event "45th Olympiad 2024"]
[Site "Budapest HUN"]
[Date "2024.09.12"]
[Round "2.2"]
[Board "2"]
[White "Leiva, Gianmarco"]
[Black "Sjugirov, Sanan"]
[Result "0-1"]
[WhiteTitle "IM"]
[BlackTitle "GM"]
[WhiteElo "2389"]
[BlackElo "2644"]
[WhiteTeam "Peru"]
[BlackTeam "Hungary"]
[WhiteFideId "3804399"]
[BlackFideId "4189302"]
[EventDate "2024.09.11"]

1. e4 c5 2. Nf3 e6 3. g3 Nc6 4. Bg2 Nf6 5. Qe2 e5 6. O-O Be7 7. Na3 O-O 8. Nc4
d6 9. d3 Re8 10. c3 h6 11. Ne3 Be6 12. Nh4 d5 13. Qf3 d4 14. Nd5 Qc8 15. h3 dxc3
16. bxc3 Rd8 17. Nxf6+ Bxf6 18. Nf5 Bg5 19. Rd1 Qd7 20. Ba3 b6 21. h4 Be7 22. h5
Bg5 23. Bb2 Rac8 24. Bc1 Bxc1 25. Raxc1 Ne7 26. Bh3 Nxf5 27. Bxf5 Bxf5 28. exf5
Rc6 29. Qe4 Rd6 30. Qxe5 Rd5 31. Qe4 Qxf5 32. Qxf5 Rxf5 33. Rd2 Rxh5 34. Re1
Rhd5 35. Re3 f6 36. Kf1 Kf7 37. Ke2 R8d6 38. Rb2 h5 39. Rb1 Re6 40. Rh1 g6 41.
Rh4 Rd7 42. g4 Rxe3+ 43. fxe3 hxg4 44. Rxg4 g5 45. d4 cxd4 46. cxd4 Rd5 47. Kd3
Ra5 48. Rg2 Ke6 49. Ke4 Ra4 50. Rf2 Ra5 51. Rg2 f5+ 52. Kf3 Kf6 53. Rc2 Ra3 54.
Rc6+ 0-1

[Event "45th Olympiad 2024"]
[Site "Budapest HUN"]
[Date "2024.09.12"]
[Round "2.2"]
[Board "3"]
[White "Berkes, Ferenc"]
[Black "Flores Quillas, Diego Saul Rodri"]
[Result "1/2-1/2"]
[WhiteTitle "GM"]
[BlackTitle "IM"]
[WhiteElo "2605"]
[BlackElo "2451"]
[WhiteTeam "Hungary"]
[BlackTeam "Peru"]
[WhiteFideId "718572"]
[BlackFideId "3822508"]
[EventDate "2024.09.11"]

1. d4 Nf6 2. Nf3 e6 3. c4 b6 4. e3 Bb7 5. Bd3 d5 6. cxd5 exd5 7. O-O Bd6 8. b3
O-O 9. Ba3 c5 10. Nc3 Re8 11. Rc1 Nbd7 12. Bb2 Bf8 13. Re1 Ne4 14. Bf1 Ndf6 15.
Ne5 cxd4 16. Nxe4 dxe4 17. Qxd4 Bc5 18. Qxd8 Raxd8 19. Red1 Rd5 20. Bb5 Red8 21.
Rxd5 Nxd5 22. Rd1 a6 23. Bc6 Bxc6 24. Nxc6 Rd6 25. a3 Rxc6 26. Rxd5 Rd6 27. Rxd6
Bxd6 28. g4 f6 29. h3 Kf7 30. f3 exf3 31. Kf2 Ke6 32. e4 Be5 33. Bc1 b5 1/2-1/2

[Event "45th Olympiad 2024"]
[Site "Budapest HUN"]
[Date "2024.09.12"]
[Round "2.2"]
[Board "4"]
[White "Fernandez Sanchez, Fernando Miguel"]
[Black "Gledura, Benjamin"]
[Result "0-1"]
[WhiteTitle "IM"]
[BlackTitle "GM"]
[WhiteElo "2399"]
[BlackElo "2628"]
[WhiteTeam "Peru"]
[BlackTeam "Hungary"]
[WhiteFideId "3802299"]
[BlackFideId "712779"]
[EventDate "2024.09.11"]

1. d4 Nf6 2. c4 e6 3. Nf3 d5 4. cxd5 exd5 5. Nc3 c6 6. Bf4 Bf5 7. e3 Nbd7 8. h3
Be7 9. Bd3 Bxd3 10. Qxd3 O-O 11. O-O Re8 12. Rab1 Bf8 13. Ne5 Nxe5 14. Bxe5 Nd7
15. Bh2 a5 16. Rfc1 a4 17. Qd1 Qa5 18. Rc2 Nb6 19. b3 axb3 20. axb3 Qb4 21. Ne2
Ra3 22. Nc1 Nd7 23. Nd3 Qb5 24. Rcc1 h6 25. Qc2 Rea8 26. Be5 Ra2 27. Qc3 Qa5 28.
Qxa5 R8xa5 29. b4 Rb5 30. Bc7 Nf6 31. Ra1 Rd2 32. Nc5 Bxc5 33. dxc5 d4 34. exd4
Nd5 35. Ra8+ Kh7 36. Ba5 Nxb4 37. Rc4 Ra2 38. Ra7 Nd5 39. Bb6 Rb1+ 40. Kh2 Rxf2 0-1

[Event "45th Olympiad 2024"]
[Site "Budapest HUN"]
[Date "2024.09.12"]
[Round "2.3"]
[Board "1"]
[White "Stefansson, Vignir Vatnar"]
[Black "Gukesh, D"]
[Result "0-1"]
[WhiteTitle "GM"]
[BlackTitle "GM"]
[WhiteElo "2531"]
[BlackElo "2764"]
[WhiteTeam "Iceland"]
[BlackTeam "India"]
[WhiteFideId "2308649"]
[BlackFideId "46616543"]
[EventDate "2024.09.11"]

1. d4 Nf6 2. c4 e6 3. Nf3 h6 4. g3 Bb4+ 5. Bd2 Be7 6. Bg2 O-O 7. O-O d5 8. Qc2
c6 9. Rd1 Nbd7 10. Bf4 a5 11. Nc3 dxc4 12. Nd2 Nd5 13. Nxc4 Nxf4 14. gxf4 Nf6
15. Ne5 Bd7 16. e3 Be8 17. Kh1 Kh8 18. Rg1 Rc8 19. Rad1 Bd6 20. Bf3 Qe7 21. Na4
Rc7 22. Nd3 Qd8 23. Rc1 Nd5 24. a3 f6 25. Qd2 g5 26. Qxa5 Bg6 27. Qd2 Qe8 28.
Nac5 Rg7 29. Qe2 Rfg8 30. Rce1 Bb8 31. Qd2 Bh7 32. Qd1 b6 33. Nb3 g4 34. Bg2 Qh5
35. Qd2 g3 36. fxg3 Rxg3 37. e4 R8g4 38. Qe2 Nxf4 39. Nxf4 Bxf4 40. Bf3 Rxf3 0-1

[Event "45th Olympiad 2024"]
[Site "Budapest HUN"]
[Date "2024.09.12"]
[Round "2.3"]
[Board "3"]
[White "Heimisson, Hilmir Freyr"]
[Black "Vidit, Santosh Gujrathi"]
[Result "0-1"]
[WhiteTitle "IM"]
[BlackTitle "GM"]
[WhiteElo "2391"]
[BlackElo "2720"]
[WhiteTeam "Iceland"]
[BlackTeam "India"]
[WhiteFideId "2309998"]
[BlackFideId "5029465"]
[EventDate "2024.09.11"]

1. e4 c6 2. d4 d5 3. e5 Bf5 4. Nd2 e6 5. Nb3 Nd7 6. Nf3 Ne7 7. Be2 h6 8. O-O Bh7
9. a4 a5 10. Bd2 Nc8 11. Rc1 Be7 12. Qe1 b6 13. h3 O-O 14. c4 Be4 15. Nh2 c5 16.
f3 dxc4 17. Bxc4 Bc6 18. Ng4 h5 19. Nf2 Bxa4 20. Qe4 Ra7 21. g4 h4 22. d5 exd5
23. Bxd5 c4 24. Bxc4 Nxe5 25. Qxe5 Bxb3 26. Bxb3 Qxd2 27. Bxf7+ Kxf7 28. Rxc8
Rxc8 29. Qf5+ Bf6 30. Qxc8 Re7 31. Ne4 Qf4 32. Qc6 Be5 33. Rf2 Rc7 34. Qd5+ Ke7
35. Rd2 Rc1+ 36. Kf2 Qh2+ 37. Ke3 Bf4+ 38. Kd3 Bxd2 39. Qd4 Bh6 0-1

[Event "45th Olympiad 2024"]
[Site "Budapest HUN"]
[Date "2024.09.12"]
[Round "2.3"]
[Board "4"]
[White "Harikrishna, Pentala"]
[Black "Gretarsson, Helgi Ass"]
[Result "1-0"]
[WhiteTitle "GM"]
[BlackTitle "GM"]
[WhiteElo "2686"]
[BlackElo "2450"]
[WhiteTeam "India"]
[BlackTeam "Iceland"]
[WhiteFideId "5007003"]
[BlackFideId "2300699"]
[EventDate "2024.09.11"]

1. d4 d5 2. Nf3 Nf6 3. c4 c6 4. Nc3 a6 5. a4 e6 6. Bg5 Be7 7. e3 a5 8. Bd3 Na6
9. O-O Nb4 10. Bb1 b6 11. cxd5 cxd5 12. Bd3 O-O 13. Rc1 Bb7 14. Nb5 Rc8 15. Rxc8
Qxc8 16. Ne5 Qd8 17. Bf4 Ne4 18. Bb1 Ba6 19. Qe2 f6 20. Nd3 Bxb5 21. axb5 Qd7
22. f3 Nd6 23. Nxb4 axb4 24. Bd3 Rc8 25. Bg3 Nf7 26. Bf2 Bd6 27. e4 g6 28. Be3
Kg7 29. f4 dxe4 30. Bxe4 Bb8 31. Bc6 Qd6 32. d5 Bc7 33. Qc4 e5 34. f5 Qe7 35.
Qg4 g5 36. Qe4 Rb8 37. g3 Bd6 38. Rc1 Qa7 39. Qc4 Rc8 40. Kg2 Nd8 41. Qf1 Qa2
42. Qe2 Rb8 43. Qd2 Nf7 44. Bd7 e4 45. Be6 Qb3 46. Rc7 Rf8 47. Rb7 Bc5 48. Bxc5
Qf3+ 49. Kg1 bxc5 50. Qf2 Qd1+ 51. Kg2 Qd3 52. b6 e3 53. Qf3 Qd2+ 54. Kh3 Qe1
55. Bxf7 Rxf7 56. Rxf7+ Kxf7 57. b7 e2 58. Qh5+ 1-0

[Event "45th Olympiad 2024"]
[Site "Budapest HUN"]
[Date "2024.09.12"]
[Round "2.4"]
[Board "1"]
[White "Ding, Liren"]
[Black "Henriquez Villagra, Cristobal"]
[Result "1/2-1/2"]
[WhiteTitle "GM"]
[BlackTitle "GM"]
[WhiteElo "2736"]
[BlackElo "2604"]
[WhiteTeam "China"]
[BlackTeam "Chile"]
[WhiteFideId "8603677"]
[BlackFideId "3409350"]
[EventDate "2024.09.11"]

1. e4 c5 2. Nf3 d6 3. d4 cxd4 4. Nxd4 Nf6 5. Nc3 Nc6 6. Bg5 e6 7. Qd3 Bd7 8.
O-O-O a6 9. f4 Qc7 10. Kb1 Be7 11. Nf3 Rd8 12. Qd2 b5 13. Bd3 b4 14. Ne2 a5 15.
Ng3 a4 16. Bxf6 Bxf6 17. Nh5 a3 18. Nxf6+ gxf6 19. b3 Qa5 20. Rhe1 Qc5 21. Bc4
Bc8 22. Re3 h5 23. Rd3 Ke7 24. Nd4 Nxd4 25. Rxd4 Bb7 26. Be2 Qc3 27. Qc1 d5 28.
exd5 Bxd5 29. R1d3 Qc5 30. Qd2 Rb8 31. f5 Rhg8 32. g3 Rg5 33. fxe6 1/2-1/2

[Event "45th Olympiad 2024"]
[Site "Budapest HUN"]
[Date "2024.09.12"]
[Round "2.4"]
[Board "2"]
[White "Salinas Herrera, Pablo"]
[Black "Yu, Yangyi"]
[Result "0-1"]
[WhiteTitle "GM"]
[BlackTitle "GM"]
[WhiteElo "2479"]
[BlackElo "2703"]
[WhiteTeam "Chile"]
[BlackTeam "China"]
[WhiteFideId "3407128"]
[BlackFideId "8603820"]
[EventDate "2024.09.11"]

1. e4 c5 2. Nf3 e6 3. Be2 Nc6 4. O-O Nf6 5. Nc3 d6 6. d4 cxd4 7. Nxd4 Be7 8.
Nxc6 bxc6 9. Qd3 O-O 10. Qg3 e5 11. f4 Nd7 12. Bg4 Bh4 13. Qh3 Bf6 14. Ne2 exf4
15. Bxf4 Bxb2 16. Rad1 Nf6 17. Bxc8 Qxc8 18. Qb3 Rb8 19. Qa4 Be5 20. Bxe5 dxe5
21. Ng3 Qc7 22. h3 Rfd8 23. Nf5 g6 24. Qxc6 Qxc6 25. Ne7+ Kg7 26. Nxc6 Rxd1 27.
Rxd1 Rc8 28. Nxa7 Rxc2 29. a4 Nxe4 30. a5 Ra2 31. Nc6 f6 32. Rd7+ Kh6 33. Rb7
Kg5 34. Rb4 Kf4 35. Kh2 f5 36. Rc4 h5 37. Ne7 Rxa5 38. Nxg6+ Kg5 39. Rc6 h4 40.
Re6 Nc5 41. Rc6 Nd3 42. Nf8 f4 43. Nh7+ Kf5 44. Rf6+ Ke4 45. Rd6 Ke3 46. Nf6 e4
47. Re6 Nf2 48. Ng4+ Nxg4+ 49. hxg4 Kd4 50. Rf6 e3 51. Rxf4+ Kd3 52. Rf3 Kd2 53.
Rf8 Ra3 54. Rf3 Rd3 0-1

[Event "45th Olympiad 2024"]
[Site "Budapest HUN"]
[Date "2024.09.12"]
[Round "2.4"]
[Board "3"]
[White "Bu, Xiangzhi"]
[Black "Vasquez Schroeder, Rodrigo"]
[Result "1-0"]
[WhiteTitle "GM"]
[BlackTitle "GM"]
[WhiteElo "2693"]
[BlackElo "2457"]
[WhiteTeam "China"]
[BlackTeam "Chile"]
[WhiteFideId "8601445"]
[BlackFideId "3400042"]
[EventDate "2024.09.11"]

1. d4 Nf6 2. c4 g6 3. g3 Bg7 4. Bg2 O-O 5. Nc3 d6 6. Nf3 c5 7. O-O Nc6 8. dxc5
dxc5 9. Bf4 Nh5 10. Bg5 h6 11. Be3 Nd4 12. Qd2 Kh7 13. Rad1 e5 14. b4 cxb4 15.
Nb5 Qe7 16. Nfxd4 exd4 17. Bxd4 Rd8 18. Qe3 Qxe3 19. fxe3 Be6 20. Bxb7 Rab8 21.
Bxg7 Rxd1 22. Rxd1 Rxb7 23. Bb2 a6 24. Rd8 g5 25. Nd6 Rc7 26. Bd4 Rd7 27. Rh8+
Kg6 28. Rg8+ Kh7 29. Rh8+ Kg6 30. c5 Rc7 31. Rg8+ Kh7 32. Rh8+ Kg6 33. Rb8 1-0